Borussia Dortmund II Squad 2014/2015 (Second Team) - Statistics

General Stats
  • This quiz has been taken 29 times
  • The average score is 10 of 26
Answer Stats
Hint Answer % Correct
39 Bonmann
83%
33 Alomerovic
67%
38 Gyau
50%
24 Sarr
50%
26 Stenzel
50%
41 Amini
44%
10 Jordanov
44%
5 Zimmermann
44%
35 Bandowski
39%
20 Derstroff
39%
28 Dudziak
39%
15 Gull
39%
11 Harder
39%
3 Hornschuh
39%
30 Narey
39%
24 Solga
39%
47 Stankovic
39%
7 Kefkir
33%
18 Nyarko
33%
31 Reimann
33%
9 Vayrynen
33%
31 Maruoka
28%
16 El Bouazzati
22%
23 Knystock
22%
1 Göcke
17%
8 Weber
17%
No matching quizzes found
Score Distribution
Percent of People with Each Score
Percentile by Number Answered
Your Score History
You have not taken this quiz